000 00975nam a2200229Ii 4500
003 JO-AjNU
008 230605s9999||||xx |||||||||||||| ||und||
017 _a2015/5/1482
020 _a978-9957-16-627-4
040 _aJO-AjNU
_bara
_erda
_cJO-AjNU
041 _aara
050 1 4 _aKMM80F37.2015
100 3 _a الفار، عبد القادر؛ مراجعة وتدقيق ، ملكاوي ، بشار عدنان ,
_eauthor
_950673
245 0 0 _aمصادر الالتزام مصادر الحق الشخصي في القانون المدني
250 _aط7
264 3 1 _aعمان : دار الثقافة ، 2015
300 _a304ص
_bيشتمل على ملاحق قانونية ص ( 263 -299 ) ويشتمل على مراجع ببلواعرافية ص (303 - 304 )
336 _atext
_btxt
_2rdacontent
337 _aunmediated
_bn
_2rdamedia
338 _avolume
_bnc
_2rdacarrier
650 4 _aالقانون المدني -- الحق الشخصي -- الإرث
_950674
999 _aA22336
_c25904
_d25904